[Event "Fajr op 18th"]
[Site "Mashhad"]
[Date "2010.02.26"]
[Round "10"]
[White "Aliev, Kerim"]
[Black "Moosavi, Ali"]
[Result "0-1"]
[WhiteElo "2355"]
[BlackElo "2111"]
[PlyCount "102"]
[EventDate "2010.02.20"]
[EventType "swiss"]
[EventRounds "11"]
[EventCountry "IRI"]
[SourceTitle "CBM 135 Extra"]
[Source "ChessBase"]
[SourceDate "2010.05.04"]
[SourceVersion "1"]
[SourceVersionDate "2010.05.04"]
[SourceQuality "1"]

1. d4 d5 2. c4 dxc4 3. e3 e6 4. Bxc4 Nf6 5. Nf3 c5 6. 0-0 Nc6 7. dxc5 Bxc5 8. Qxd8+ Kxd8 9. a3 Ke7 10. b4 Bb6 11. Nc3 Rd8 12. Bb2 Bd7 13. Na4 Rac8 14. Rfc1 Ne8 15. Nxb6 axb6 16. Kf1 Nxb4 17. axb4 Rxc4 18. Rxc4 Bb5 19. Rac1 Rc8 20. Nd2 Nd6 21. Bxg7 Bxc4+ 22. Nxc4 b5 23. Bd4 bxc4 24. Bc5 Kd7 25. Ke2 Rc6 26. f3 Nb5 27. e4 e5 28. Rd1+ Ke8 29. Rc1 b6 30. Be3 Nd4+ 31. Ke1 b5 32. Rd1 Ra6 33. Bxd4 exd4 34. Rxd4 Ra4 35. Rd5 Rxb4 36. Kd2 Ke7 37. Kc2 Rb3 38. Rc5 Kd6 39. Rf5 b4 40. Rxf7 Re3 41. Rb7 b3+ 42. Kd2 Rd3+ 43. Ke2 Rc3 44. f4 Rc2+ 45. Ke3 b2 46. e5+ Kd5 47. Rb5+ Kc6 48. e6 Rc3+ 49. Kd4 Rb3 50. e7 Kd7 51. Re5 Ke8 0-1

[Event "Fajr op 18th"]
[Site "Mashhad"]
[Date "2010.02.23"]
[Round "6"]
[White "Nassajtorshizi, Amirmorteza"]
[Black "Moosavi, Ali"]
[Result "1-0"]
[WhiteElo "1946"]
[BlackElo "2111"]
[PlyCount "54"]
[EventDate "2010.02.20"]
[EventType "swiss"]
[EventRounds "11"]
[EventCountry "IRI"]
[SourceTitle "CBM 135 Extra"]
[Source "ChessBase"]
[SourceDate "2010.05.04"]
[SourceVersion "1"]
[SourceVersionDate "2010.05.04"]
[SourceQuality "1"]

1. d4 d5 2. c4 dxc4 3. e4 c5 4. d5 e6 5. Bxc4 exd5 6. Bxd5 Qc7 7. Nf3 Nf6 8. Nc3 Nxd5 9. Nxd5 Qd8 10. 0-0 Be6 11. Bf4 Na6 12. Qe2 f6 13. Rad1 Qc8 14. e5 f5 15. Ng5 Bxd5 16. Rxd5 Be7 17. Rd6 Bxg5 18. Qb5+ Kf7 19. Qc4+ Kf8 20. Bxg5 Qe8 21. Rfd1 b5 22. Qf4 h6 23. Qxf5+ Kg8 24. Rd8 hxg5 25. Rxe8+ Rxe8 26. Qg6 Nc7 27. Rd7 Ne6 1-0